000 00622nam a2200229Ia 4500
005 20250409162849.0
008 008 250409s9999 xx 000 0 eng d
020 _a9789387957428
037 _aTextbook
040 _aLCT
_beng
_cLCT
041 _aeng
_2eng
084 _aZ,181 / P11;3
_qLCT
100 _aKapoor,G.K.
245 0 _aTaxmann's Company Law
_cby G.K. Kapoor and A.K. Majumdar
250 _a14th ed.
260 _aDelhi
_bTaxmann Publication
_c2011
300 _aI-34, 617p.
365 _aINR
_b475
650 _aLaw
942 _cTB
_hZ,181 / P11;3
999 _c1308745
_d1308745